Premohla ma tréma na svojom prvom galavečere v živote od nervozity takmer stratila hlas

Bibliographic Details
Main Author: Vargová, Eva (redaktorka) (Author)
Format: Article
Language:Slovak
PhysicalDescription:Obr.
ISSN:1335-2776
Subjects:
Online Access:www.markiza.sk

MARC

LEADER 00000nab a2200000 a 4500
001 vtls008957344
003 SK-MaSNL
005 20260303070952.0
008 070320|2007 xo wrz r 000 0 slo
015 |a SNBRB2007/03  |2 kevkjb 
038 |a KEVKJB 
040 |a KEVKJB  |b slo  |c KEVKJB  |e AACR2 
041 0 |a slo 
044 |a xo  |c SK 
080 |a 792.071.2  |2 2001 
080 |a 929 Ráková, Viktória  |2 2001 
100 1 |a Vargová, Eva  |c (redaktorka)  |4 aut  |9 6967 
245 1 0 |a Premohla ma tréma  |b na svojom prvom galavečere v živote od nervozity takmer stratila hlas  |c Eva Vargová 
300 |b Obr. 
600 1 7 |a Ráková, Viktória,  |d 1981-   |2 kevkjb  |9 103399 
651 7 |a Košice (Slovensko)  |2 kevkjb  |9 18694 
773 0 |t Markíza  |g Roč. X, č. 12 (2007), s. 7-10  |x 1335-2776 
852 |a KEVKJB  |b KIS3GCP 
856 4 1 |u www.markiza.sk 
958 |a BX 
958 |a HU 
999 |c 1757746  |d 1759676